Words matter: (Record no. 102178)
[ view plain ]
| 000 -LEADER | |
|---|---|
| fixed length control field | 01002nam a22002417a 4500 |
| 005 - DATE AND TIME OF LATEST TRANSACTION | |
| control field | 20170731145411.0 |
| 010 ## - LCCN (DPL NO) | |
| LC control number | 1617EN ENG-117004 |
| 020 ## - INTERNATIONAL STANDARD BOOK NUMBER | |
| International Standard Book Number | 9780670088935 |
| Terms of availability | 399.00 |
| 035 ## - SYSTEM CONTROL NUMBER | |
| System control number | B-649620-625 |
| 035 ## - SYSTEM CONTROL NUMBER | |
| System control number | EN-100536 |
| 035 ## - SYSTEM CONTROL NUMBER | |
| System control number | B-667301 |
| 037 ## - SOURCE OF ACQUISITION | |
| Stock number | DPL |
| Source of stock number/acquisition | AAKAR |
| 037 ## - SOURCE OF ACQUISITION | |
| Source of stock number/acquisition | DBAD/PUB |
| 082 ## - DEWEY DECIMAL CLASSIFICATION NUMBER | |
| Classification number | 306.0954 |
| 245 ## - TITLE STATEMENT | |
| Title | Words matter: |
| Statement of responsibility, etc | edited by K.Satchindanandan |
| Remainder of title | writings against silence / |
| 260 ## - PUBLICATION, DISTRIBUTION, ETC. (IMPRINT) | |
| Place of publication, distribution, etc | Gurgaon |
| Name of publisher, distributor, etc | Penguin Books |
| Date of publication, distribution, etc | 2016 |
| 270 ## - ADDRESS | |
| Address | 7th floor, infinity Toer C, DLF Cyber City |
| City | Gurgaon (Haryana) |
| Postal code | 122002 |
| 300 ## - PHYSICAL DESCRIPTION | |
| Extent | ix,260p. |
| Dimensions | 24cm(HB) |
| 700 ## - ADDED ENTRY--PERSONAL NAME | |
| Personal name | Satchindanandan, K. |
| 942 ## - ADDED ENTRY ELEMENTS (KOHA) | |
| Source of classification or shelving scheme | Dewey Decimal Classification |
| Item type | English Books |
| Classification part | 306.0954 |
| Call number suffix | WOR |
| Withdrawn status | Lost status | Not for loan | Collection code | Home library | Current library | Date acquired | Source of acquisition | Cost, normal purchase price | Full call number | Barcode | Copy number | Cost, replacement price | Koha item type | Public note |
|---|---|---|---|---|---|---|---|---|---|---|---|---|---|---|
| Non-fiction | Ashok Vihar | Ashok Vihar | 31/07/2017 | BPPD/EN/2016-17/AV/16-17/451/15.2.2017/I-3323/1.3.2017/ 17.3.2017 | 399.00 | 306.0954 WOR | B-667301 | 1 | 399.00 | English Books | ||||
| Non-fiction | Central Library | Central Library | 01/03/2017 | BPPD/EN/2016-17/285/24.11.2016/I-2591/8.12.2016/2.1.17 | 399.00 | 306.0954 WOR | B-649620 | 1 | 399.00 | English Books | ||||
| Non-fiction | Janak Puri | Janak Puri | 01/03/2017 | BPPD/EN/2016-17/285/24.11.2016/I-2591/8.12.2016/2.1.17 | 399.00 | 306.0954 WOR | B-649623 | 1 | 399.00 | English Books | ||||
| Written off | Non-fiction | Karol Bagh | Karol Bagh | 01/03/2017 | BPPD/EN/2016-17/285/24.11.2016/I-2591/8.12.2016/2.1.17 | 399.00 | 306.0954 WOR | B-649624 | 1 | 399.00 | English Books | Written off on approval by DLB (By Circulation); dtd 20.12.2022 | ||
| Non-fiction | Kasturba Gandhi Marg | Kasturba Gandhi Marg | 01/03/2017 | BPPD/EN/2016-17/285/24.11.2016/I-2591/8.12.2016/2.1.17 | 399.00 | 306.0954 WOR | B-649622 | 1 | 399.00 | English Books | ||||
| Non-fiction | Patel Nagar | Patel Nagar | 01/03/2017 | BPPD/EN/2016-17/285/24.11.2016/I-2591/8.12.2016/2.1.17 | 399.00 | 306.0954 WOR | B-649621 | 1 | 399.00 | English Books | ||||
| Non-fiction | Shahdara Branch | Shahdara Branch | 03/01/2017 | DBAD/PUB | 399.00 | 306.0954 WOR | EN-100536 | 1 | 399.00 | English Books | ||||
| Non-fiction | Shahdara Branch | Shahdara Branch | 01/03/2017 | BPPD/EN/2016-17/285/24.11.2016/I-2591/8.12.2016/2.1.17 | 399.00 | 306.0954 WOR | B-649625 | 1 | 399.00 | English Books |
